000 00559nam a22001937a 4500
005 20250805121836.0
010 _aENG-146314
020 _a9789357316200
_c499.00
035 _aEN-129846
037 _bDBAD
082 _aS
_21
100 _aPadmanabhan, Manjula
_983747
245 _aStolen Hours and Other Curiosities/
_cManjula Padmanabhan
250 _a1
260 _aGurugram
_bHachette India
_c2025
270 _bGurugram
_a4th & 5th floor , corporate centre, plot no-94,sector-44
_e122003
300 _a272p.
_b20cm(pb)
942 _2ddc
_cEN
_hS
_mPAD
999 _c212881
_d212881